| LEADER 00000nam 2200000uu 4500 |
| 001 212251 |
| 003 ULIBM |
| 008 020711s2558 th a 000 0 tha d |
| 020 9786167682143
|
| 041 ^atha
|
| 050 4 BQ4190 ส243ก 2558
|
| 100 สมเด็จพระญาณสังวร,|cสมเด็จพระสังฆราช (เจริญ สุวฑฺฒโน),|d2456-
|
| 245 การบริหารทางจิตสำหรับผู้ใหญ่/^cสมเด็จพระญาณสังวร สมเด็จพระสังฆราช สกลมหาสังฆปริณายก
|
| 250 พิมพ์ครั้งที่ 2
|
| 260 นครปฐม :^bโรงพิมพ์มหามกุฎราชวิทยาลัยในพระบรมราชูปถัมภ์,^c2558
|
| 300 (34) 297 หน้า :^bภาพประกอบ ;^c26 ซม.
|
| 500 ^aรัฐบาลในพระบาทสมเด็จพระปรมินทรมหาภูมิพลอดุลยเดช พิมพ์โดยเสด็จพระราชกุศลในงานพระราชพิธีพระราชทานเพลิงพระศพ สมเด็จพระญาณสังวร สมเด็จพระสังฆราช สกลมหาสังฆปริณายก (จริญ สุวฑฺฒโน) ณ พระเมรุวัดเทพศิรินทราวาส วันพุธที่ 16 ธันวาคม พุทธศักราช 2558
|
| 650 4 จิตวิทยา
|
| 650 4 ^aพุทธศาสนากับสังคม
|
| 650 4 ^aพุทธศาสนากับชีวิตประจำวัน
|
| 999 ^aใช้งานได้ทุกระบบ
|